Weather modification /

Guardado en:
Otros Autores: Le Cam, Lucien M. 1924- (Editor ), Neyman, Jerzy, 1894-1981. (Editor )
Formato: Libro
Idioma:English
Publicado: Berkeley : University of California Press, 1967.
Series:Proceedings of the Fifth Berkeley Symposium on Mathematical Statistics and Probability ; v. 5
Etiquetas: Agregar Etiqueta
Sin Etiquetas, Sea el primero en etiquetar este registro!
LEADER 00924nam a22001815a 4500
001 MAT.inmabb006633
008 120813s1967####caua#####b####100#0#eng#d
005 20170515135059.0
245 1 0 |a Weather modification /  |c edited by Lucien M. Le Cam and Jerzy Neyman. 
260 |a Berkeley :  |b University of California Press,  |c 1967. 
300 |a xix, 451 p. :  |b il. ;  |c 26 cm. 
490 1 |a Proceedings of the Fifth Berkeley Symposium on Mathematical Statistics and Probability ;  |v v. 5 
504 |a Incluye referencias bibliográficas. 
700 1 |a Le Cam, Lucien M.  |q (Lucien Marie),  |d 1924-  |4 edt 
700 1 |a Neyman, Jerzy,  |d 1894-1981.  |4 edt 
811 2 |a Berkeley Symposium on Mathematical Statistics and Probability  |n (5th :  |d 1965-1966 :  |c University of California).  |t Proceedings of the Berkeley Symposium on Mathematical Statistics and Probability ;  |v v. 5. 
084 |a 86-06 (62P99 86A10)  |2 msc2000 
859 |h 62  |i B512-5  |p A-5888  |b BIB. MATEMATICA